| 000 | 00712nam a22002177a 4500 | ||
|---|---|---|---|
| 999 |
_c13104 _d13104 |
||
| 003 | AR-CdUCM | ||
| 008 | 190411b ||||| |||| 00| 0 spa d | ||
| 040 |
_aMUNICIPALIDAD PROVINCIAL DEL CUSCO _cBIBLIOTECA MUNICIPAL DEL CUSCO |
||
| 082 |
_a346 / _bEG32 / 1948 |
||
| 100 |
_aEguiguren, Luis Antonio _925821 |
||
| 245 | _aEl abuso del derecho / | ||
| 260 |
_aLima : _bTorres Aguirre, _c1948. |
||
| 300 |
_a10 páginas ; _c25 cm. |
||
| 500 | _aAntes del titulo: Articulo II del titulo preliminar del código civil. | ||
| 505 | _aContenido: El abuso del derecho | ||
| 650 |
_aDerecho _9739 |
||
| 650 |
_aPerú _935 |
||
| 650 |
_aCódigo civil (1936) _931302 |
||
| 942 |
_2ddc _cLIBROS |
||
| 945 |
_acmm _d2019-04-11 |
||